Fast typing- Animal Edition - Statistics

General Stats
  • This quiz has been taken 45 times
  • The average score is 11 of 15
Answer Stats
Hint Answer % Correct
Feisty Feline Cat
95%
Loyal friend Dog
95%
King of the jungle Lion
91%
Orange and black Tiger
86%
Taller than the BFG Giraffe
82%
I love rolling in mud Pig
82%
Arachnophobia Spider
82%
I make Honey Bee
77%
Neigh! Horse
73%
I’m typically made to like Honey Bear
68%
Don’t let them bite whilst you’re in bed Bed bugs
68%
I can release a vile smell Skunk
68%
I am black and red and I can fly Ladybird
55%
Scavengers in the dry plains of Africa Hyena
50%
I’m really big/Fat Hippo
45%
No matching quizzes found
Score Distribution
Percent of People with Each Score
Percentile by Number Answered
Your Score History
You have not taken this quiz